Vidhesha Padanam (Record no. 137764)

MARC details
000 -LEADER
fixed length control field 00485nam a22001937a 4500
003 - CONTROL NUMBER IDENTIFIER
control field OSt
005 - DATE AND TIME OF LATEST TRANSACTION
control field 20260216141531.0
008 - FIXED-LENGTH DATA ELEMENTS--GENERAL INFORMATION
fixed length control field 260216b |||||||| |||| 00| 0 eng d
040 ## - CATALOGING SOURCE
Transcribing agency SBCL
082 ## - DEWEY DECIMAL CLASSIFICATION NUMBER
Classification number 371.26
Item number THO-V
100 ## - MAIN ENTRY--PERSONAL NAME
Personal name Thomas,Reji.T
245 ## - TITLE STATEMENT
Title Vidhesha Padanam
260 ## - PUBLICATION, DISTRIBUTION, ETC.
Place of publication, distribution, etc. Kottayam
Name of publisher, distributor, etc. Editindia Books
Date of publication, distribution, etc. 2024
300 ## - PHYSICAL DESCRIPTION
Extent 164P.
630 ## - SUBJECT ADDED ENTRY--UNIFORM TITLE
General subdivision Social sciences
650 ## - SUBJECT ADDED ENTRY--TOPICAL TERM
Topical term or geographic name entry element Education
650 ## - SUBJECT ADDED ENTRY--TOPICAL TERM
Topical term or geographic name entry element Schools & their activities; special education
942 ## - ADDED ENTRY ELEMENTS (KOHA)
Koha item type BOOK
Holdings
Withdrawn status Lost status Source of classification or shelving scheme Damaged status Use restrictions Not for loan Home library Current library Date acquired Total Checkouts Full call number Barcode Shelving location Date last seen Cost, replacement price Price effective from Koha item type
    Dewey Decimal Classification   RESTRICTED   SB LIBRARY SB LIBRARY 16/02/2026   371.26 THO-V 143234 REFERENCE READING ROOM 16/02/2026 250.00 16/02/2026 BOOK

Powered by Koha